Départements dont la plus grande ville n'est pas la préfecture - Mort Subite - Statistiques

Statistiques générales
  • Ce quiz a été pris 76 fois
  • Le résultat moyen est 7 sur 14
Answers on the Grid
Answers color-coded by a green-red scale on the quiz's grid according to % correct below.
Seine-Maritime
Marne
Haut-Rhin
Hauts-de-Seine
Finistère
Val-de-Marne
Manche
Corrèze
Jura
Saône-et-Loire
Ardèche
Ariège
Aisne
Guadeloupe
Martinique
Creuse
Haute-Saône
Dordogne
Eure-et-Loir
Aveyron
Oise
Hautes-Pyrénées
Tarn
Vendée
 
Statistiques - réponses
Réponse % Correct
Finistère
72%
Haut-Rhin
57%
Guadeloupe
55%
Manche
55%
Ardèche
54%
Aisne
52%
Marne
52%
Seine-Maritime
52%
Jura
49%
Hauts-de-Seine
48%
Corrèze
45%
Saône-et-Loire
43%
Ariège
35%
Val-de-Marne
35%
Aucun quiz correspondant
Distribution des résultats
% des personnes avec chaque résultat
Percentile par nombre de réponses
Votre historique - résultats
Vous n’avez pas pris ce quiz